Catálogo
 En Linea

Dictámenes de la consultoría jurídica de la contraloría general de la República, 1969-1976 / (Registro nro. 38251)

Detalles MARC
000 -CABECERA
campo de control de longitud fija 00607nam a2200157 a 4500
001 - NÚMERO DE CONTROL
campo de control 000038761
005 - FECHA Y HORA DE LA ÚLTIMA TRANSACCIÓN
campo de control 20201002031349.0
008 - DATOS DE LONGITUD FIJA--INFORMACIÓN GENERAL
campo de control de longitud fija 130422s1976 ve 000 0 spa d
040 ## - FUENTE DE LA CATALOGACIÓN
Centro catalogador/agencia de origen DO-SdBNP
Lengua de catalogación spa
Centro/agencia transcriptor BNPHU
110 2# - ENTRADA PRINCIPAL--NOMBRE DE ENTIDAD CORPORATIVA
Nombre de entidad corporativa o nombre de jurisdicción como elemento de entrada Venezuela.
Unidad subordinada Contraloría General de la República
9 (RLIN) 65062
245 10 - MENCIÓN DE TÍTULO
Título Dictámenes de la consultoría jurídica de la contraloría general de la República, 1969-1976 /
Mención de responsabilidad, etc. presentación José Muci-Abraham.
260 ## - PUBLICACIÓN, DISTRIBUCIÓN, ETC.
Lugar de publicación, distribución, etc. Caracas, Venezuela :
Nombre del editor, distribuidor, etc. Ediciones de la Contraluria General,
Fecha de publicación, distribución, etc. 1976.
300 ## - DESCRIPCIÓN FÍSICA
Extensión v. ;
Dimensiones 24 cm.
505 0# - NOTA DE CONTENIDO CON FORMATO
Información miscelánea v. 5
Título 1969-1976 --
700 1# - PUNTO DE ACCESO ADICIONAL--NOMBRE DE PERSONA
Nombre de persona Muci-Abraham, José
9 (RLIN) 65063
Existencias
Estado de retiro Estado de pérdida Restricciones de uso No para préstamo Código de colección Localización permanente Ubicación/localización actual Ubicación en estantería Fecha de adquisición Número de inventario Total de préstamos Signatura topográfica completa Código de barras Fecha visto por última vez Precio válido a partir de Tipo de ítem Koha
      Excluido de préstamo Monografías: Libros y Folletos General General En catalogación 22.04.2013 LF1   38761-10 25.06.2020 25.06.2020 No se presta

Con tecnología Koha